Statistics for Babe (TV) - Taylor Swift (All Lyrics)

Click here to take the quiz!

General Stats

  • This quiz has been taken 29 times
    (17 since last reset)
  • The average score is 317 of 365

Answer Stats

Lyrics% Correct
a
100%
(Babe)
100%
babe?
100%
babe
100%
call,
100%
call
100%
could
100%
do
100%
ever
100%
how
100%
How
100%
I
100%
I'll
100%
is
100%
last
100%
the
100%
This
100%
this
100%
this,
100%
(This
100%
time,
100%
time)
100%
time
100%
you
100%
you,
100%
You
100%
it
90%
oh)
90%
(Oh,
90%
(Oh
90%
oh),
90%
on
90%
shame
90%
shame,
90%
(What
90%
what
90%
What
90%
And
80%
and
80%
be
80%
because
80%
can't
80%
Didn't
80%
didn't
80%
getting
80%
hate
80%
hear
80%
Her
80%
I'm
80%
it's
80%
its
80%
love
80%
of
80%
one,
80%
one
80%
promise
80%
should
80%
that
80%
That
80%
that's
80%
through
80%
unsee
80%
We
80%
we
80%
yeah
80%
your
80%
Your
80%
about
70%
admitted
70%
ain't
70%
away
70%
away,
70%
ball
70%
Big
70%
break
70%
broke
70%
but
70%
consequence
70%
doesn't
70%
down
70%
else"
70%
every
70%
face
70%
got
70%
has
70%
have
70%
here
70%
innocent
70%
keep
70%
kitchen
70%
lips
70%
look
70%
made
70%
made,
70%
mistake,
70%
neck
70%
never
70%
No
70%
"No
70%
No)
70%
picturin'
70%
plans
70%
promises,
70%
promises?
70%
promises?)
70%
said,
70%
secret
70%
Since
70%
so
70%
sweetest
70%
to
70%
wanna
70%
want
70%
waste
70%
We're
70%
won't
70%
wreck,
70%
wrecking
70%
blew
60%
floor
60%
pictures
60%
really
60%
strange
60%
you're
60%
Takin'
50%

Score Distribution

Percentile by Number Answered

Percent of People with Each Score

Your Score History

You have not taken this quiz since the last reset